000 00771nab a2200229 u 4500
001 10364
003 HDC
007 cr bn ---aaaaa
008 210104c mydr|noo 0 a may d
040 _aHDC
245 0 _aProduk Halal Malaysia Bakal Tembusi Wilayah Qinghai, Sasar Nilai Dagangan RM50 Juta
260 _a[No place] :
_bBernama,
_c[No year]
336 _atext
_2rdacontent
337 _acomputer
_2rdamedia
338 _aonline resource
_2rdacarrier
650 _aHalal industry
_9144
650 _aHalal product
_948
856 _zRequest full-text at [email protected]
942 _2lcc
942 _cNEWS
942 _kNWSO 000479
999 _c7687
_d7687